Classement de la Ligue 1 2017 2018 - Statistiques

Statistiques générales
  • Ce quiz a été pris 307 fois
  • Le résultat moyen est 17 sur 20
Statistiques - réponses
Place Equipe Pts % Correct
1 Paris 93
100%
3 Lyon 78
99%
4 Marseille 77
99%
2 Monaco 80
97%
17 Lille 38
96%
6 Bordeaux 55
95%
5 Rennes 58
95%
9 Nantes 52
94%
8 Nice 54
94%
7 Saint-étienne 55
92%
15 Strasbourg 38
90%
18 Toulouse 37
89%
14 Angers 41
82%
10 Montpellier 51
82%
20 Metz 26
81%
19 Troyes 33
72%
13 Amiens 45
71%
16 Caen 38
68%
11 Dijon 48
66%
12 Guingamp 47
64%
Aucun quiz correspondant
Distribution des résultats
% des personnes avec chaque résultat
Percentile par nombre de réponses
Votre historique - résultats
Vous n’avez pas pris ce quiz